00463nam a22001697a 450000500170000000800410001702000180005802200150007604100130009108200120010410000120011624500570012825000200018526000330020530000300023865000250026820240923143305.0240923b |||||||| |||| 00| 0 eng d a9780409117653 a0409004480 aEnglish  a349 JOU lEnglish aThe Law of South Africa / cWA Joubert and JA Faris  aSecond Edition  aDurban: bLexisNexis, c2010 bvii, 599 pages; c26 cm.  aLegal practice bLaw